000 00616nam a22001817a 4500
003 UA-OsUOA
001 13824
007 ta
008 20030622b un ||||| |||| 00| 0 ukr d
100 _aМініч Н.
942 _cSA
040 _aUA-OsUOA
_cUA-OsUOA
_dUA-OsUOA
245 _aКооперативні організації Радивилівського районного споживтовариства/Смолюк І.
300 _aС.3
955 _a0
773 0 _w0
_tРівненський кооператор
_dРівне
_d2003
_g№24/13 черв./
650 7 _aКраєзнавча робота
_2UDC
999 _c299985
_d299985